00505nam a2200169 450000500170000001000150001702000260003203500140005803700130007208200080008510000220009324500460011526000380016127000650019930000210026450000500028520190606113959.0 aENG-125491 a9789350701089c995.00 aEN-109023 bDBAD/PUB a954 aDeshmukh, Ajay P. aHeritage of India /cby Ajay P. Deshmukh aAhmedabadbShanti Prakashanc2019 aD-19/220, Nandanvan Apartment, Nava VadajbAhmedabade380013 a623p.c22cm(pbk) aIncludes bibliographical references and index